<?xml version="1.0" encoding="UTF-8"?>
<record
    xmlns:xsi="http://www.w3.org/2001/XMLSchema-instance"
    xsi:schemaLocation="http://www.loc.gov/MARC21/slim http://www.loc.gov/standards/marcxml/schema/MARC21slim.xsd"
    xmlns="http://www.loc.gov/MARC21/slim">

  <leader>03418nam a2200397 i 4500</leader>
  <controlfield tag="001">16730840</controlfield>
  <controlfield tag="003">EG-ScBUE</controlfield>
  <controlfield tag="005">20230516114332.0</controlfield>
  <controlfield tag="008">110411t2011    nyua   f b    001 0 eng d</controlfield>
  <datafield tag="020" ind1=" " ind2=" ">
    <subfield code="a">9780870707964</subfield>
  </datafield>
  <datafield tag="035" ind1=" " ind2=" ">
    <subfield code="a">(OCoLC)ocn721928452</subfield>
  </datafield>
  <datafield tag="040" ind1=" " ind2=" ">
    <subfield code="a">BTCTA</subfield>
    <subfield code="b">eng</subfield>
    <subfield code="e">rda</subfield>
    <subfield code="c">BTCTA</subfield>
    <subfield code="d">YDXCP</subfield>
    <subfield code="d">SFMMA</subfield>
    <subfield code="d">ERASA</subfield>
    <subfield code="d">GZM</subfield>
    <subfield code="d">CAM</subfield>
    <subfield code="d">OCL</subfield>
    <subfield code="d">VRC</subfield>
    <subfield code="d">BWX</subfield>
    <subfield code="d">OSU</subfield>
    <subfield code="d">CDX</subfield>
    <subfield code="d">MUU</subfield>
    <subfield code="d">SINLB</subfield>
    <subfield code="d">DLC</subfield>
    <subfield code="d">EG-ScBUE</subfield>
  </datafield>
  <datafield tag="082" ind1="0" ind2="4">
    <subfield code="a">745.2</subfield>
    <subfield code="2">22</subfield>
    <subfield code="b">ANT</subfield>
  </datafield>
  <datafield tag="100" ind1="1" ind2=" ">
    <subfield code="a">Antonelli, Paola,</subfield>
    <subfield code="e">author.</subfield>
  </datafield>
  <datafield tag="245" ind1="1" ind2="0">
    <subfield code="a">Talk to me :</subfield>
    <subfield code="b">design and the communication between people and objects /</subfield>
    <subfield code="c">Paola Antonelli ; [edited by Emily Hall]</subfield>
  </datafield>
  <datafield tag="264" ind1=" " ind2="1">
    <subfield code="a">New York :</subfield>
    <subfield code="b">The Museum of Modern Art, </subfield>
    <subfield code="c">[2011]</subfield>
  </datafield>
  <datafield tag="264" ind1=" " ind2="4">
    <subfield code="c">c2011</subfield>
  </datafield>
  <datafield tag="300" ind1=" " ind2=" ">
    <subfield code="a">207 pages :</subfield>
    <subfield code="b">color illustrations ;</subfield>
    <subfield code="c">27 cm</subfield>
  </datafield>
  <datafield tag="336" ind1=" " ind2=" ">
    <subfield code="2">rdacontent</subfield>
    <subfield code="a">text</subfield>
    <subfield code="b">txt</subfield>
  </datafield>
  <datafield tag="337" ind1=" " ind2=" ">
    <subfield code="2">rdamedia</subfield>
    <subfield code="a">unmediated</subfield>
    <subfield code="b">n</subfield>
  </datafield>
  <datafield tag="338" ind1=" " ind2=" ">
    <subfield code="2">rdacarrier</subfield>
    <subfield code="a">volume</subfield>
    <subfield code="b">nc</subfield>
  </datafield>
  <datafield tag="500" ind1=" " ind2=" ">
    <subfield code="a">Published in conjunction with an exhibition of the same name held at the Museum of Modern Art, New York, July 24-Nov. 7, 2011.</subfield>
  </datafield>
  <datafield tag="504" ind1=" " ind2=" ">
    <subfield code="a">Includes bibliographical references and index.</subfield>
  </datafield>
  <datafield tag="505" ind1="0" ind2=" ">
    <subfield code="a">Talk to me / Paola Antonelli -- Objects -- Nervous systems and anxious infrastructures / Jamer Hunt -- I'm talking to you -- Life -- Design wonder stories: when speech is golden / Alexandra Midal -- City -- Conversations with the network / Khoi Vinh -- Worlds -- Reality is plenty, thanks: twelve arguments for keeping the naked eye naked / Kevin Slavin -- Double entendre.</subfield>
  </datafield>
  <datafield tag="520" ind1=" " ind2=" ">
    <subfield code="a">"Whether openly and actively or in subtle , subliminal ways, things talk to us.  As the purpose of design has, in past decades, shifted away from mere utility toward meaning, objects and systems that were once charged only with being elegant and functional now have personalities.  And thanks to the digital revolution, they have become very communicative, making our world newly interactive: a wristebad notifies us when we're getting dehydrated, animated creatures hide in the shadows of the objects on our desks, a wheat field calls out a salutation.  Contemporary designers, in addition to giving objects form, function and meaning, now write the initial scripts that are the foundations for these useful and satisfying conversations.  With nearly two hundred projects ranging from the microscopic to the cosmic, "Talk to Me: Design and the Communication between People and Objects" explores design's new terrain:enhancing, communicative possibilities, embodying a new balance between technology and people, bringing technological break-throughs up or down to comfortable, understandable human scale.  These projects include interfaces, websites, video games, devices, tools, charts, and information systems, on topics global and personal.  Whether we are hanging out in a social network or listening to a radio sneeze, we are partaking of a newly metaphysical and expressive layer of interaction that is already enriching our future." -- p [4] of cover.</subfield>
  </datafield>
  <datafield tag="650" ind1=" " ind2="7">
    <subfield code="a">Industrial design</subfield>
    <subfield code="x">Social aspects</subfield>
    <subfield code="v">Exhibitions.</subfield>
    <subfield code="2">BUEsh</subfield>
  </datafield>
  <datafield tag="650" ind1=" " ind2="7">
    <subfield code="a">Design</subfield>
    <subfield code="x">History</subfield>
    <subfield code="y">21st century</subfield>
    <subfield code="v">Exhibitions.</subfield>
    <subfield code="2">BUEsh</subfield>
  </datafield>
  <datafield tag="650" ind1=" " ind2="7">
    <subfield code="a">Human-computer interaction</subfield>
    <subfield code="v">Exhibitions.</subfield>
    <subfield code="2">BUEsh</subfield>
  </datafield>
  <datafield tag="650" ind1=" " ind2="7">
    <subfield code="a">Interactive multimedia</subfield>
    <subfield code="v">Exhibitions.</subfield>
    <subfield code="2">BUEsh</subfield>
  </datafield>
  <datafield tag="653" ind1=" " ind2=" ">
    <subfield code="b">ART</subfield>
    <subfield code="c">May2023</subfield>
  </datafield>
  <datafield tag="655" ind1=" " ind2=" ">
    <subfield code="v">Reading book</subfield>
  </datafield>
  <datafield tag="906" ind1=" " ind2=" ">
    <subfield code="a">7</subfield>
    <subfield code="b">cbc</subfield>
    <subfield code="c">pccadap</subfield>
    <subfield code="d">2</subfield>
    <subfield code="e">epcn</subfield>
    <subfield code="f">20</subfield>
    <subfield code="g">y-gencatlg</subfield>
  </datafield>
  <datafield tag="942" ind1=" " ind2=" ">
    <subfield code="2">ddc</subfield>
    <subfield code="c">BB</subfield>
  </datafield>
  <datafield tag="999" ind1=" " ind2=" ">
    <subfield code="c">30413</subfield>
    <subfield code="d">30384</subfield>
  </datafield>
  <datafield tag="952" ind1=" " ind2=" ">
    <subfield code="0">0</subfield>
    <subfield code="1">0</subfield>
    <subfield code="2">ddc</subfield>
    <subfield code="4">0</subfield>
    <subfield code="7">0</subfield>
    <subfield code="8">Baccah</subfield>
    <subfield code="a">MAIN</subfield>
    <subfield code="b">MAIN</subfield>
    <subfield code="c">2ND</subfield>
    <subfield code="d">2023-05-16</subfield>
    <subfield code="e">Purchase</subfield>
    <subfield code="g">925.00</subfield>
    <subfield code="h">37380</subfield>
    <subfield code="l">1</subfield>
    <subfield code="m">6</subfield>
    <subfield code="o">745.2 ANT</subfield>
    <subfield code="p">000056690</subfield>
    <subfield code="r">2025-07-15 00:00:00</subfield>
    <subfield code="s">2023-10-08</subfield>
    <subfield code="v">1156.25</subfield>
    <subfield code="w">2023-05-16</subfield>
    <subfield code="y">BB</subfield>
  </datafield>
</record>
